00249nam a2200085Ia 450000100070000000500170000700800410002424500610006526000370012690793420250826185044.0250824s9999 xx 000 0 und d 0aORHAN ŞAİK GÖKYAY HAYAI VE ESERLERİcGÜNAY KUT bKÜLTÜR BAKANLIĞI YAYINLARI